000 01169cab a22002055a 4500
001 L152582
008 110330e20110311xxk 000 0 eng d
035 _a(Sirsi) u152582
041 0 _aeng
100 1 _aHatcher, David
245 0 0 _aMarkets
_bEast Midlands
260 _c2011
490 0 _aProperty Week
_v77(10) 11 March 2011, 59-66(4)
520 _aBig name retailers will be vying for a new anchor store at Capital Shopping Centres' 500 0000 sq ft extension of the Victoria Centre in Nottingham. Conversion of secondary office space into student flats seeks to reduce the flood of secondhand office space in Nottingham's office market. Two new Derby office schemes will be part-funded by Derby City Council's £10m regeneration fund. Amazon is prospecting locations for a new 1m square ft shed in the region. Newark and Sherwood District Council has brought in the Community Infrastructure Levy aimed at retail schemes ahead of schedule.
590 _aKA
651 4 _aEast Midlands
690 _aPROPERTY-COMMERCIAL PROPERTY-COMMERCIAL PROPERTY MARKET
690 _aPROPERTY-COMMERCIAL PROPERTY-COMMERCIAL PROPERTY FINANCE AND INVESTMENT
942 _n0
999 _c83007
_d83007